00454nam a2200133 a 450000500170000000800410001705000210005824500350007926000400011444000150015465000220016999900190019195201100021020140414132051.0110712s19uu xx 00 eng d aREF 031bCHI V.3 aChildcraft: Stories and Poems. aChicago :bWorld Book, Inc.,c1987. aChildcraft aStories and poems c114167d114167 001040aMUbMUcREFd2011-07-12efr. ELIl0oREF 031 CHI V.3pM5919r2014-04-14 00:00:00w2014-04-14yBK